| 000 | 00597nam a22001817a 4500 | ||
|---|---|---|---|
| 999 |
_c190361 _d190361 |
||
| 005 | 20220722144024.0 | ||
| 010 | _aENG-133861 | ||
| 020 |
_a9780670089468 _c599.00 |
||
| 035 | _aEN-117393 | ||
| 037 | _bDBAD/PUB | ||
| 082 | _a954.035 | ||
| 100 | _aReid, Walter | ||
| 245 |
_aKeeping The Jewel In The Crown: _bThe British Betrayal of Indian/ _cWalter Reid |
||
| 260 |
_aGurgaon _bPenguin Random House India _c2016 |
||
| 270 |
_a7th Floor, Infinity Tower C, DLF Cyber City _bGurgaon _e122002 |
||
| 300 |
_axi;288p. _c22cm(hb) _bIndex,conclusion |
||
| 942 |
_2ddc _cEN _h954.035 _mREI |
||